000 00402nam a2200145 4500
001 118721
003 ES-MaACL
007 t|
008 070214s1956 sp r ||||1| spa d
100 1 _aPi Suñer, Santiago.
_991728
245 1 0 _aBioquímica /
_cSantiago Pi Suñer.
260 _aMadrid :
_bPaz Montalvo,
_c1956.
300 _aXXIII, 1365 p. :
_bil. ;
_c25 cm.
852 _aES-MaACL
_jB-784
_bR.39539
999 _c118721
_d118721